| 000 | 00683nam a22002170 4500 | ||
|---|---|---|---|
| 003 | PILC | ||
| 005 | 20150824074554.0 | ||
| 008 | /0/1 | ||
| 050 |
_aGN 315 _b.F5 1958 |
||
| 100 | 1 |
_aFirth, Raymond William, _d1901- |
|
| 245 | 1 | 0 |
_aHuman types : _ban introduction to social anthropology / _cRaymond Firth. |
| 250 | _aRevised edition. | ||
| 260 |
_aNew York : _bNew American Library, _c1958. |
||
| 300 |
_a176 pages : _billustrations ; _c18 cm. |
||
| 500 | _a"A Mentor book." | ||
| 500 | _aOriginally published : Edinburgh : T. Nelson, 1958. | ||
| 650 | _aEthnology. | ||
| 650 | _aRace. | ||
| 650 | _aSociety, Primitive. | ||
| 942 |
_2lcc _cBK _kFOR |
||
| 999 |
_c288429 _d288429 |
||